No small matter : (رقم التسجيلة. 22069)

تفاصيل مارك
000 -الفاتح
حقل البيانات ثابتة الطول 00658cam a22002175a 4500
001 - رقم الضبط
رقم الضبط 15789977
003 - محدد رقم الضبط
رقم الضبط OSt
005 - وقت وتاريخ اخر تعامل مع التسجيلة
رقم الضبط 20150408114021.0
008 - عناصر البيانات ثابتة الطول - معلومات عامة
حقل البيانات ثابتة الطول 090624s2009 mau 000 0 eng
010 ## - رقم ضبط مكتبة الكونجرس
رقم ضبط مكتبة الكونجرس 2009931380
020 ## - الرقم الدولى المعيارى للكتب
الرقم الدولى المعيارى للكتاب 9780674035669 (alk. paper)
040 ## - مصدر الفهرسة
وكالة الفهرسة الأصلية DLC
وكالة النسخ DLC
082 ## - رقم تصنيف ديوى العشرى
رقم الطبعة 21
رقم التصنيف 620.5
100 1# - المدخل الرئيسى - إسم شخصى
الإسم الشخصى Frankel, Felice C.
9 (RLIN) 11822
245 10 - بيان العنوان
العنوان No small matter :
بقية العنوان science on the nanoscale /
بيان المسئوليه,etc Felice C. Frankel, George M. Whitesides.
260 ## - PUBLICATION, DISTRIBUTION, ETC. (IMPRINT)
مكان الناشر او الموزع Cambridge, MA :
اسم الناشر او الموزع Belknap Press of Harvard University Press,
تاريخ النشر أو التوزيع 2009.
263 ## - تاريخ النشر المتوقع
تاريخ النشر المتوقع 0910
300 ## - الوصف المادى
التعداد p. cm.
942 ## - عناصر المدخل الإضافي( كوها)
مصدر التصنيف او مخطط الترفيف Dewey Decimal Classification
Koha [default] item type كتاب
المقتنيات
حالة الفقد نموذج السعر الفعال حالة تلف ليس للاعارة رقم الطلب تاريخ الاكتساب الموقع الحالي الباركود الفرع الرئيسي Date last seen نوع المادة فى نظام كوها مصدر التصنيف او خطة الترفيف Total Checkouts
  2013-03-10     620.5 F F N 2012-04-22 مكتبة كلية التربية بالزلفى - طالبات (EZF) 00085095 مكتبة كلية التربية بالزلفى - طالبات (EZF) 2013-03-10 كتاب Dewey Decimal Classification  
  2013-03-10     620.5 F F N 2012-04-23 مكتبة مجمع الكليات بالزلفى - طلاب (SZM) 00085272 مكتبة مجمع الكليات بالزلفى - طلاب (SZM) 2013-03-10 كتاب Dewey Decimal Classification